| 000 | 01678nam a2200433 c 4500 | ||
|---|---|---|---|
| 001 | 24233 | ||
| 003 | ES-MaCES | ||
| 005 | 20160629131908.0 | ||
| 007 | cr ||||||||||| | ||
| 008 | 120130s2011 lu bd rf o000 | eng d | ||
| 020 | _a9789279213250 | ||
| 035 | _aCES20120000493m | ||
| 040 |
_aES-MaCES _bspa _cES-MaCES |
||
| 100 | 1 |
_aGiampaolo, Lanzieri _913315 |
|
| 245 | 1 | 0 |
_aFewer, older and multicultural? _b: projections of the EU populations by foreign-national background _cGiampaolo Lanzieri |
| 250 | _a2011 ed | ||
| 260 |
_aLuxembourg _bOffice for Official Publications of the European Communities _c2011 |
||
| 300 |
_a37 p. _bmapas, gráf. col. _c30 cm |
||
| 490 | 1 | _aMethodologies and working papers / Eurostat. Theme, Population and social conditions | |
| 500 | _aEjemp. fotocopiado | ||
| 504 | _aBibliografía: p. 25-26 | ||
| 541 | _cGratuito | ||
| 650 | 4 |
_aenvejecimiento de la población _930614 |
|
| 650 | 4 |
_aextranjero _928630 |
|
| 650 | 4 |
_amigración internacional _929805 |
|
| 650 | 4 |
_adinámica poblacional _928510 |
|
| 650 | 4 |
_aproyección de la población _930623 |
|
| 650 | 4 |
_amétodo estadístico _929536 |
|
| 653 | 1 | 0 | _aEstadísticas demográficas-Población-Movimientos migratorios |
| 650 | 4 |
_929020 _apaís de la UE |
|
| 650 | 4 |
_926752 _aUE |
|
| 710 | 2 |
_aEurostat _93516 |
|
| 710 | 2 |
_92014 _aComisión de las Comunidades Europeas |
|
| 830 | 0 |
_aMethodologies and working papers / Eurostat _pTheme, Population and social conditions _934397 |
|
| 856 | 4 |
_uhttp://biblioteca.ces.es/repintra/47-25048.pdf _ytexto completo _z[intranet] |
|
| 902 | _aLIB Libro | ||
| 942 |
_2CES _cBK _h8.1. |
||
| 999 |
_c24233 _d24233 |
||